La liberatio legata nel diritto classico e giustiniano
Gespeichert in:
| 1. Verfasser: | |
|---|---|
| Format: | Buch |
| Sprache: | Italienisch |
| Veröffentlicht: |
Milán
Dott. A. Giuffrè
1939
|
| Schriftenreihe: | Fondazione Guglielmo Castelli, 16
|
| Schlagworte: | |
| Tags: |
Tag hinzufügen
Keine Tags, Fügen Sie den ersten Tag hinzu!
|
MARC
| LEADER | 00000nam a2200000 a 4500 | ||
|---|---|---|---|
| 001 | UCR0995 | ||
| 003 | CL-VaPUC | ||
| 008 | 971205e19390000IT |||||||||||||||||ita|d | ||
| 082 | 0 | 4 | |a 340.54 |b VIL |2 21 |
| 100 | 0 | |a Villa, Vittorio de |e author |9 397710 | |
| 245 | 1 | 3 | |a La liberatio legata nel diritto classico e giustiniano |
| 300 | |a 95 p | ||
| 942 | |c BK | ||
| 945 | |d 19971205 00:00:00 |a aolguin | ||
| 260 | |a Milán |b Dott. A. Giuffrè |c 1939 | ||
| 650 | 0 | |a Derecho romano |9 255930 | |
| 650 | 0 | |a Derecho justiniano |9 397596 | |
| 650 | 0 | |a Derecho justiniano |9 397596 | |
| 650 | 7 | |a LIBERTAD DE TESTAR |2 CL-VaPUC |9 397690 | |
| 650 | 7 | |a TERCEROS DERECHO |2 CL-VaPUC |9 397711 | |
| 650 | 0 | |a Fideicomiso |9 258680 | |
| 650 | 0 | |a Negocio jurídico |9 258242 | |
| 583 | |a last modification |c 19971205 00:00:00 |k Rodrigo Vera | ||
| 490 | 0 | |a Fondazione Guglielmo Castelli, 16 | |
| 999 | |c 264490 |d 264488 | ||
| 952 | |0 0 |1 0 |4 0 |6 340_540000000000000_VIL_1939 |7 0 |8 DER_ROM |9 294773 |a BIBDER |b BIBDER |d 2019-11-19 |i 1909126 |o 340.54 VIL 1939 |p 1909126 |r 2023-01-25 |w 2019-11-19 |x Ubicación 4to piso |y BK |z Este recurso debe solicitarse con anticipación |k DER | ||